| 000 | 00973cam a22002054a 4500 | ||
|---|---|---|---|
| 005 | 20250605163927.0 | ||
| 008 | 250528s ||||||||||||||||||||||||d | ||
| 035 | _a14570 | ||
| 020 | _a534343597 | ||
| 040 |
_aGR-AtMCL _bgre _dGR-AtMCL _eAACR2 |
||
| 245 | 1 | _aPsychology Applied to Modern Life / Adjustment in the 90s | |
| 250 | _a5th | ||
| 300 | _a76 | ||
| 520 | _aIntroduction, Testwiseness Scale, Desirability of Control Scale, Sensation-Seeking Scale, Barnes-Vulcano Rationality Test, Self-Monitoring Scale, Argumentativeness Scale, Opener Scale, Social Avoidance and Distress Scale, Self-Report Jealousy Scale, Personal Attributes Questionnaire, Death Anxiety AScale, Assertive Job-Hunting Survey, Sexuality Scale, Chronic Self-Destructiveness Scale, Manifest Anxiety Scale, Attitudes Toward Seeking Professional Psychological Help. | ||
| 700 | 1 |
_aWeiten Wayne _9282 |
|
| 942 | _cBK | ||
| 260 | _bBrooks/Cole Publishing Company | ||
| 999 |
_c194 _d194 |
||